| 000 | 00000nam##2200000za#4500 |
| 001 | 9.616867 |
| 003 | CaOODSP |
| 005 | 20200327144427 |
| 007 | ta |
| 008 | 150406|2003||||xxc||||| f|0| 0 eng|d |
| 022 | |a0706-6457 |
| 040 | |aCaOODSP|beng |
| 043 | |an-cn--- |
| 086 | 1 |aFs97-6/2458E |
| 110 | 1 |aCanada. |bDepartment of Fisheries and Oceans. |
| 245 | 14|aThe effect of photoperiod on growth and maturation of Atlantic salmon (Salmo salar) in the Bay of Fundy. Project of the Aquaculture Collaborative Research and Development Program / |c[by] P.R. Harmon, B.D. Glebe and R.H. Peterson. |
| 260 | |aOttawa - Ontario : |bFisheries and Oceans Canada |c2003. |
| 300 | |aiv, 16p. : |bgraph, references, tables ; |c28 cm. |
| 490 | 1 |aCanadian technical report of fisheries and aquatic sciences|x0706-6457|v2458 |
| 500 | |aOn title page: Department of Fisheries and Oceans, Biological Station, 531 Brandy Cove Road, St. Andrews, NB 5EB 2L9. |
| 546 | |a(Résumé en français.) |
| 563 | |aSoftcover |
| 590 | |a04-21|b2004-05-21 |
| 720 | 1 |aHarmon, P.R. |
| 720 | 1 |aGlebe, B.D. |
| 720 | 1 |aPeterson, R. H. |
| 776 | 0#|tThe effect of photoperiod on growth and maturation of Atlantic salmon (Salmo salar) in the Bay of Fundy : |w(CaOODSP)9.574081 |
| 830 | #0|aCanadian technical report of fisheries and aquatic sciences,|x0706-6457|v2458|w(CaOODSP)9.514691 |